000 00887pam a2200265 a 4500
999 _c331975
_d331975
001 1877317
003 NUST
005 20171106111758.0
008 830413s1984 flua b 001 0 eng
010 _a 83003899
020 _a0127308601 (alk. paper)
040 _aDLC
_cDLC
_dDLC
050 0 0 _aTD370
_b.W34 1984
082 0 0 _a628.162 WAI
_219
100 1 _aWaite, Thomas D.
_95992
245 1 0 _aPrinciples of water quality /
_cThomas D. Waite ; with chapters by J.E. Quon, Neil J. Freeman.
260 _aOrlando, Fla. :
_bAcademic Press,
_c1984.
300 _axii, 289 p. :
_bill. ;
_c24 cm.
440 0 _aWater resources and water quality management
_95993
500 _aH.B
504 _aIncludes bibliographies and index.
650 0 _aWater quality.
_92657
700 1 _aQuon, J. E.
_95994
700 1 _aFreeman, Neil J.
_95995
906 _a7
_bcbc
_corignew
_d1
_eocip
_f19
_gy-gencatlg
942 _2ddc
_cBK
_kIESE